Jueces sin Estado La justicia colombiana en zonas de conflicto armado /

Bibliographic Details
Main Author: Garca̕ Villegas, Mauricio
Format: eBook
Language:Spanish
Published: Bogot:̀ Siglo del Hombre Editores, 2008
Subjects:
Online Access:Acceso restringido

MARC

LEADER 00000nam a22000007a 4500
005 20210429223939.0
007 cr|||| ||||
008 210429s2008 co |||||s|||| 00||0 spa d
020 |a 978-958-665-117-2 
035 |a 33201 
040 |a vLex 
090 |c 11569  |d 11569 
100 1 |a Garca̕ Villegas, Mauricio 
245 1 0 |a Jueces sin Estado  |h [Recurso electrn̤ico] :  |b La justicia colombiana en zonas de conflicto armado /  |c Mauricio Garca̕ Villegas 
256 |a Servicio en ln̕ea 
260 |a Bogot:̀  |b Siglo del Hombre Editores,  |c 2008 
300 |a 1 recurso electrn̤ico 
500 |a El buen funcionamiento de la justicia presupone la posibilidad de que los jueces cuenten con el respaldo institucional necesario para tomar decisiones con independencia y con capacidad para hacerlas efectivas. Este libro es el resultado de una investigacin̤ de dos aǫs sobre la justicia en zonas de conflicto armado en Colombia. Una combinacin̤ entre un anl̀isis estads̕tico detallado sobre la oferta y la demanda de justicia en zonas de conflicto y un conjunto de ocho relatos basados en las historias de jueces que han trabajado y vivido en estas zonas. Coedicin̤ con DeJusticia, Fundacin̤ Konrad Adenauer y The John Merck Fund. 
506 1 |a Disponible solo en los productos indicados  |d vLex Global  |d vLex Global (Academic Edition, excluding Law Schools)  |d vLex Global (U.S. Academic Edition, Law Schools)  |d vLex Global (U.S. Academic Edition, excluding Law Schools)  |d vLex Global (Academic Edition, Law Schools) 
650 0 4 |a Derecho Militar  |z Colombia 
740 0 |a vLex Libros (Servicio en ln̕ea) 
856 4 0 |u https://vlex.com/source/jueces-sin-estado-la-justicia-colombiana-en-zonas-de-conflicto-armado-33201  |z Acceso restringido 
942 |c BOOK 
999 0 |a Military Law